Top Ten Biggest Countries - Statistics

General Stats
  • This quiz has been taken 36 times
  • The average score is 8 of 10
Answer Stats
Hint Answer % Correct
1 Russia
100%
4 China
97%
2 Canada
94%
3 United States
94%
5 Brasil
91%
7 India
88%
6 Australia
82%
8 Argentina
70%
9 Kazakhstan
67%
10 Algeria
64%
No matching quizzes found
Score Distribution
Percent of People with Each Score
Percentile by Number Answered
Your Score History
You have not taken this quiz